00818nam a2200241 i 4500003000900000005001700009007000300026008004100029020000600070020001900076040003000095082001300125100003700138245013200175264005300307300002800360336002700388337003300415338002800448533004400476651002500520651003100545DO-SdBNP20260321073646.0ta240320b2023 dr ab||| |||| 00| 0 spa d a  a 9789945938333 aDO-SdBNPbspacBNPHUerda 4bR1732221 a Bosch, Juan, d1909-2001eautor10aLa prueba indiciaria y su valoración en el proceso penal /cErnesto Ramírez Méndez ; prólogo de José Alejandro Vargas aSanto Domingo :bImpresora Soto Castillo,c2023. a168 páginas ;c24 cm. 2rdacontentatextobtxt 2rdamediaasin mediaciónbn 2rdacarrieravolumenbnc afacsímilebChilecUniversiariad1955. 4aCubaxHistoria2Lemb 4aCubaxCivilización2Lemb